000 00477nam a2200181Ia 4500
008 240925s9999 xx 000 0 und d
020 _a9781118436660
082 _a495.182421 ABR
100 _aAbrsham Wendy
245 0 _aChinese for Dummies
250 _a2nd
260 _aNew York:
_bJohn Wiley & Sons
_c,2013.
300 _axxii,522p.
_bNA
_fOriginal
500 _aIncludes Index
600 _aHumanities & Natural Science
650 _aOther languages
942 _cBK
999 _c14794
_d14794